000 00772nam a2200229Ii 4500
003 JO-AjNU
008 230605s9999||||xx |||||||||||||| ||und||
017 _a1991/6/2009
020 _a978-9957-07-047-2
040 _aJO-AjNU
_bara
_erda
_cJO-AjNU
041 _aara
050 1 4 _aBF432.M37.R6768.2010
100 3 _aالروسان،فاروق,
_eauthor
_923176
245 0 0 _aمقدمة في الاعاقة العقلية
250 _aط4
264 3 1 _aعمان:دار الفكر ناشرون وموزعون ،2010
300 _a336ص
336 _atext
_btxt
_2rdacontent
337 _aunmediated
_bn
_2rdamedia
338 _avolume
_bnc
_2rdacarrier
650 4 _aالتعليم الخاص-طرق التعلم-المعوقين-الامراض العقلية
_923177
999 _aA8344
_c11912
_d11912